| 000 | 01006cam a2200313 4500 | ||
|---|---|---|---|
| 008 | 090401t1996 xxu||||| |||| 00| 0 eng d | ||
| 020 | _a0117532134 | ||
| 035 | _a(Sirsi) u87438 | ||
| 041 | _aeng | ||
| 050 | _a690.0212 | ||
| 110 |
_aUnited Kingdom _bDepartment of the Environment _9982 |
||
| 245 | _aDigest of data for the construction industry. - March 1996. | ||
| 260 |
_aLondon _bHMSO _c1996 |
||
| 300 | _aviii,155p. ; 30cm. | ||
| 350 | _a23 | ||
| 520 | _aIncludes statistics on commercial and industrial floorspace, PFI projects, planning applications and decisions and health and safety. | ||
| 650 | _aBUILT ENVIRONMENT-BUILDING COSTS | ||
| 650 | _aCONSTRUCTION INDUSTRY | ||
| 650 | _aEMPLOYMENT | ||
| 650 | _aFLOORSPACE STATISTICS | ||
| 650 |
_aHEALTH AND SAFETY _96244 |
||
| 650 | _aLOCAL AUTHORITIES | ||
| 650 | _aPLANNING APPLICATIONS | ||
| 650 | _aPRIVATE FINANCE INITIATIVE | ||
| 650 | _aSTATISTICS | ||
| 690 | _aBUILT ENVIRONMENT | ||
| 942 | _n0 | ||
| 948 | _c04/03/1997 | ||
| 999 |
_c97240 _d97240 |
||